[Event "UW Open"]
[Site "?"]
[Date "1976.01.10"]
[Round "2"]
[White "Bailey, B."]
[Black "Pitre, H."]
[Result "0-1"]
[WhiteElo "2029"]
[BlackElo "1776"]
[Annotator "Stockfish 13 (15s)"]
[PlyCount "48"]
[EventDate "1976.??.??"]

{B95: Sicilian Najdorf: 6 Bg5 e6, unusual White 7th moves} 1. e4 c5 2. Nf3 d6
3. d4 cxd4 4. Nxd4 Nf6 5. Nc3 a6 6. Bg5 e6 7. f4 Be7 8. Qd2 Nbd7 9. O-O-O Qc7
10. f5 e5 11. Nf3 b5 (11... h6 12. Bh4 O-O 13. g4 Nc5 14. Bxf6 Bxf6 15. h4 Bd8
16. g5 h5 17. Qxd6 Qxd6 18. Rxd6 b5 19. Rc6 Nb7 20. Nd5 Bd7 21. Rc3 Nd6 22.
Nxe5 Be8 23. Bg2 f6 24. Nc6 Bf7 25. Nde7+ Kh8 26. Rd1 {
Papapostolou,C (2003)-Drosson,F (1761) Bad Sooden Allend 2006 1-0 (37)}) 12. a3
(12. Bxf6 Nxf6 13. Nd5 Nxd5 14. Qxd5 Bb7 15. Qd3 Rc8 16. Be2 O-O 17. Ne1 Rfd8
18. Bf3 Qc4 19. Kb1 a5 20. Qxc4 Rxc4 21. b3 Rc3 22. Rd3 Rc7 23. h4 b4 24. g4
Rdc8 25. g5 Rc3 26. Rxc3 Rxc3 {
Hricak,V (2032)-Poloch,P (2294) Tatranske Zruby 2005 1/2-1/2 (37)}) 12... Bb7
13. Bd3 h6 $146 (13... Nc5 14. Bxf6 Bxf6 15. Kb1 Be7 16. g4 O-O-O 17. Qe3 Nd7
18. g5 Qc5 19. Qd2 Nb6 20. Rhe1 Kb8 21. h4 Rc8 22. Qe2 Rcd8 23. Nd2 h6 24. Nb3
Qc7 25. Qe3 Nd7 26. Rf1 Nc5 27. f6 gxf6 28. gxf6 {
Papapostolou,C (2190)-Ziltener,W (2019) Bad Wildbad 1997 1-0 (40)}) 14. Bh4 Nc5
(14... Rb8 $142 $5 15. Rhe1 Bc6 $19) 15. Bxf6 $15 Bxf6 16. Kb1 (16. Qe2 $11)
16... O-O (16... Bc6 $142 $5 17. h4 Qb7 $17) 17. g4 $14 Rfe8 18. g5 hxg5 19.
Nxg5 d5 20. Nxd5 $4 (20. h4 $142 Red8 21. Rde1 dxe4 22. Ngxe4 Bxe4 23. Nxe4 $11
) 20... Bxd5 $19 21. exd5 e4 22. Bf1 (22. Nxe4 Nxe4 (22... Rxe4 $6 23. d6 Qxd6
24. Bxe4 Qxd2 25. Rxd2 Nxe4 26. Rd5 $17) 23. Bxe4 Qe5 $19) 22... e3 23. Qg2 (
23. Qb4 Bxg5 24. d6 Qc6 $19) 23... Qe5 24. c3 Qxf5+ (24... Qxf5+ 25. Ka2 Bxg5
$19) 0-1

[Event "UW Open"]
[Site "?"]
[Date "1976.01.10"]
[Round "3"]
[White "Narver, G."]
[Black "Bailey, B."]
[Result "0-1"]
[WhiteElo "1704"]
[BlackElo "2029"]
[Annotator "Stockfish 13 (15s)"]
[PlyCount "110"]
[EventDate "1976.??.??"]

{C66: Ruy Lopez: Steinitz Defence} 1. e4 e5 2. Nf3 Nc6 3. Bb5 a6 4. Ba4 Nf6 5.
O-O d6 6. Re1 Bd7 7. c3 Be7 8. d4 b5 9. Bb3 Bg4 (9... h6 10. Nbd2 O-O 11. Nf1
Bg4 12. d5 Nb8 13. Ne3 Nbd7 14. Nxg4 Nxg4 15. h3 Ngf6 16. Nh4 Nxe4 17. Nf5 Ndc5
18. Bxh6 Nxb3 19. Bxg7 Nf6 20. Qf3 Nd2 21. Qg3 Nde4 22. Rxe4 Nxe4 23. Qg4 Ng5
24. h4 {Gonzalez Zamora,J (2518)-Ayala Trujillo,A Tenerife 2001 1-0}) 10. d5
Na5 (10... Na7 11. Bg5 O-O 12. Qd3 Nd7 13. Qe3 Nc5 14. Nbd2 Bxg5 15. Qxg5 Qxg5
16. Nxg5 Nd3 17. Re3 Nc5 18. Rg3 Bh5 19. Re1 Nc8 20. Ree3 Ne7 21. Rh3 Bg6 22.
Rh4 h6 23. Reh3 Bf5 {0-1 (23) Van Niekerk,L-Alberts,N Port Elizabeth 2005}) 11.
Bc2 O-O $146 (11... Qd7 12. a4 O-O 13. Nbd2 Nh5 14. b4 Nb7 15. Nf1 Qc8 16. Ne3
Nf4 17. axb5 Bxf3 18. Qxf3 axb5 19. Nf5 Ng6 20. Bd2 Qd7 21. Qe2 c5 22. dxc6
Qxc6 23. Bd3 Bf6 24. Bxb5 Qc7 25. g3 Rfc8 26. Bd3 {
Genkin,M (2175)-Scheyka,T Recklinghausen 1999 1-0}) 12. h3 Bh5 (12... Bd7 13.
Nbd2 $14) 13. Nbd2 $16 Nb7 (13... Qd7 14. b4 Nb7 15. Nf1 $16) 14. a4 (14. Nf1
Nc5 15. Ng3 Bg6 $16) 14... Qd7 15. Qe2 (15. Nf1 $16) 15... c5 $2 (15... c6 16.
axb5 axb5 17. dxc6 Qxc6 18. Rxa8 Rxa8 19. Bd3 $11) 16. axb5 (16. c4 $142 $18)
16... axb5 $11 17. Rxa8 Rxa8 18. c4 b4 19. Nf1 (19. Qd3 $142 $14) 19... Ne8 $4
(19... Bxf3 20. Qxf3 g6 21. Nh2 $11) 20. Ng3 $4 (20. Nxe5 $142 Bxe2 21. Nxd7
Bxf1 22. Kxf1 $18 (22. Rxf1 $6 Nf6 23. Nb6 Ra6 $14)) 20... Bg6 (20... Bxf3 $142
$5 21. Qxf3 Qd8 $11) 21. b3 $16 Ra2 22. Qd3 h6 23. Bb1 Ra8 24. Bc2 (24. Nf5 Nf6
25. Nh2 Bd8 $16) 24... Qd8 (24... Nf6 25. Bb2 Qd8 26. Bb1 $16) 25. Bb2 Bh4 26.
Nxh4 (26. Nf5 Bf6 27. Bc1 Bg5 28. Bxg5 hxg5 $16) 26... Qxh4 27. Qf3 (27. Bd1
Nf6 $11) 27... Ra2 $11 28. Rb1 Qf6 29. Qxf6 Nxf6 (29... gxf6 $2 30. Ne2 $18)
30. f3 Nh5 31. Nxh5 Bxh5 32. Bd1 g5 33. Kh2 Bg6 34. Kg3 (34. g4 $5 $11) 34...
Kg7 (34... f5 35. Bc2 fxe4 36. fxe4 $17) 35. Kg4 $2 (35. Bc2 $5 $15) 35... f6
$17 36. h4 (36. Bc2 h5+ 37. Kg3 h4+ 38. Kf2 Nd8 $19) 36... Nd8 (36... h5+ 37.
Kh3 f5 $17) 37. hxg5 $4 (37. Bc2 $142 $17) 37... hxg5 (37... f5+ $142 38. Kg3
hxg5 $19) 38. g3 $4 (38. Bc2 $142 $11) 38... Nf7 $19 39. Kh3 (39. Bc2 Nh6+ 40.
Kh3 g4+ 41. Kg2 gxf3+ 42. Kxf3 Bh5+ 43. Ke3 Nf7 $19) 39... f5 40. Bc2 (40. f4
fxe4 41. Bc2 $19) 40... g4+ $1 41. Kg2 (41. fxg4 fxe4 {Deflection}) 41... fxe4
42. Bxe4 (42. f4 e3 43. f5 Bh7 $19) 42... Bxe4 43. fxe4 Ng5 44. Kf1 Nxe4 45.
Bc1 Nxg3+ 46. Ke1 Ne4 47. Kf1 Nc3 48. Rb2 Rxb2 49. Bxb2 Kg6 50. Kg2 Kf5 (50...
Ne2 51. Kf1 Nd4 52. Kf2 Nxb3 53. Kg2 $19) 51. Bc1 Ne2 52. Be3 Nd4 53. Bxd4 exd4
54. Kf2 (54. Kg3 d3 55. Kf2 Kf4 56. Ke1 Ke3 57. Kd1 g3 58. Kc1 g2 59. Kb1 g1=R+
60. Ka2 d2 61. Kb2 d1=Q 62. Ka2 Qd2#) 54... d3 55. Ke3 g3 (55... g3 56. Kd2 Ke4
57. Kc1 Ke3 58. Kb1 g2 59. Ka1 d2 60. Kb1 d1=Q+ 61. Ka2 g1=Q 62. Kb2 Qb1#) 0-1

[Event "UW Open"]
[Site "?"]
[Date "1976.01.11"]
[Round "4"]
[White "Bailey, B."]
[Black "Mulford, M."]
[Result "1/2-1/2"]
[WhiteElo "2029"]
[BlackElo "1785"]
[Annotator "Stockfish 13 (15s)"]
[PlyCount "99"]
[EventDate "1976.??.??"]

{C88: Closed Ruy Lopez: Anti-Marshall Systems} 1. e4 e5 2. Nf3 Nc6 3. Bb5 a6 4.
Ba4 Nf6 5. O-O Be7 6. Re1 b5 7. Bb3 O-O 8. a4 Bb7 9. Nc3 b4 10. Nd5 Na5 11.
Nxf6+ (11. Ba2 b3 12. cxb3 Nxd5 13. exd5 Bxd5 14. Rxe5 c6 15. d4 Bf6 16. Re3
Rb8 17. Ne5 Qc7 18. Rh3 Be6 19. Ng4 Be7 20. Bb1 f5 21. Ne5 Rxb3 22. Bd3 g6 23.
Bf4 Qb6 24. Rg3 Bh4 25. Rh3 Bxf2+ {
Ilczuk,P (2255)-Pedersen,D (2325) Koszalin 1997 0-1 (40)}) (11. c3 bxc3 12.
bxc3 Nxb3 13. Qxb3 Bxd5 14. exd5 e4 15. Nd4 Bc5 {
1/2-1/2 (15) Tvarijonas,P (2202)-Roganovic,M (2293) Herceg Novi 2006}) 11...
Bxf6 12. c3 $146 (12. Bd5 c6 13. Ba2 c5 14. Bd5 d6 15. d3 Bxd5 16. exd5 Nb7 17.
Nd2 Bg5 18. Nc4 Bxc1 19. Qxc1 Qh4 20. Re4 Qh5 21. f4 f5 22. Re1 e4 23. dxe4
fxe4 24. Rxe4 Qxd5 25. Qe3 Qf7 26. Nb6 Rae8 {
Hrabe,P (2130)-Symersky,P (2090) Czechia 2004 1-0 (62)}) (12. Ba2 d5 13. Bxd5
Bxd5 14. exd5 Qxd5 15. Qe2 Rfe8 16. Qe4 Rad8 17. b3 Nc6 {
1/2-1/2 (17) Guzel,L-Stupica,J Tuzla 1958}) (12. d4 exd4 13. e5 Be7 14. Nxd4
Nxb3 15. cxb3 f6 $11) 12... bxc3 13. bxc3 Nxb3 14. Qxb3 Rb8 15. Rb1 (15. Qc2 $5
$11) 15... Bc6 $17 16. Qc2 (16. Qa2 Rxb1 17. Qxb1 Qb8 $17 (17... Bxa4 $143 18.
Qa2 Bc6 19. Qxa6 $15)) 16... Rxb1 (16... Bxa4 $5 17. Qa2 Rxb1 18. Qxb1 d6 $17)
17. Qxb1 Bxa4 (17... Qb8 $5 18. Qc2 Qb6 $17) 18. Qa2 $15 Bb5 19. c4 Bc6 20.
Qxa6 Qa8 21. Qxa8 Rxa8 22. d3 Ra1 23. Kf1 d6 24. Bb2 Ra2 25. Rb1 Kf8 26. Ke1
Ba4 27. Ra1 Rxa1+ 28. Bxa1 c5 29. Bc3 Bd8 30. Ng1 Ke7 31. f4 f6 32. Nh3 Bd7 33.
f5 g6 34. g4 (34. fxg6 hxg6 35. Nf2 f5 $11) 34... h5 $15 35. fxg6 hxg4 36. Nf2
Kf8 37. Kf1 Kg7 38. Kg2 Kxg6 39. Kg3 Kh5 40. Kg2 f5 41. exf5 Bxf5 42. Ne4 Bxe4+
(42... Bc7 43. Bd2 $11) 43. dxe4 $11 Kh4 44. Be1+ Kh5 45. Bd2 Kg6 46. Kg3 Kh5
47. Kg2 Bg5 48. Ba5 Kh4 49. Be1+ Kh5 50. Ba5 1/2-1/2

[Event "UW Open"]
[Site "?"]
[Date "1976.01.11"]
[Round "5"]
[White "Gregg, B."]
[Black "Bailey, B."]
[Result "1-0"]
[WhiteElo "1768"]
[BlackElo "2029"]
[Annotator "Stockfish 13 (15s)"]
[PlyCount "57"]
[EventDate "1976.??.??"]

{D48: Semi-Slav: Meran System: 7...b5 8 Bd3 a6} 1. Nf3 Nf6 2. c4 e6 3. Nc3 d5
4. d4 Nbd7 5. e3 Be7 6. Bd2 O-O 7. Bd3 c6 8. O-O dxc4 9. Bxc4 b5 (9... c5 10.
Qe2 cxd4 11. exd4 Nb6 12. Bb3 Bd7 (12... Nbd5 13. Rfe1 Nxc3 14. bxc3 b6 15. Ne5
Bb7 16. f3 Re8 17. Nxf7 {1-0 (17) Feavyour,J (2070)-Heath,J (1945) Douglas 2005
}) 13. Ne5 Bc6 14. Nxc6 bxc6 15. Be3 Qd6 16. Rac1 Rfc8 17. Rfd1 Qb4 18. Bg5 Rd8
19. Ne4 Rxd4 20. Nxf6+ gxf6 21. Rxd4 Qxd4 22. Be3 Qe4 23. Bc2 Qh4 24. g3 {
Ibragimov,I (2585)-Thesing,M (2440) Berlin 1997 1-0}) 10. Bd3 a6 11. a3 $146 (
11. Qc2 c5 12. dxc5 Nxc5 13. Be2 Bb7 14. Nd4 b4 15. Na4 Nce4 16. Rad1 Rc8 17.
Qb1 Qa5 18. b3 Nxd2 19. Rxd2 Ne4 20. Rdd1 Nc3 21. Nxc3 bxc3 22. Qc2 Rfd8 23.
Bf3 Bxf3 24. Nxf3 Bf6 25. h3 g6 {
Stecklina,O (1700)-Gelzenleichter,S Wingst 1996 0-1 (36)}) (11. Ne4 Bb7 12. Rc1
Nxe4 13. Bxe4 Rc8 14. a3 Nf6 15. Qc2 Qd7 16. Ne5 Qc7 17. Nxc6 Nxe4 18. Qxe4
Bxc6 19. Qd3 Qb7 20. f3 Bd5 21. e4 Bc4 22. Qc2 Bxf1 23. Qd1 Rxc1 24. Qxc1 Bc4
25. Qc2 Rc8 {Henry,A (1450)-Demuth,A (1740) Niort 2002 0-1 (31)}) (11. Rc1 c5
12. Qe1 Bb7 13. Ne2 Bxf3 14. gxf3 cxd4 15. Nxd4 Ne5 16. Be2 Rc8 17. f4 Nc4 18.
Bf3 Qd7 19. b3 Nxd2 20. Qxd2 Nd5 21. Rfd1 Bb4 22. Qb2 Rxc1 23. Rxc1 Rc8 24.
Rxc8+ Qxc8 25. Qc2 Qxc2 {
Joba,P (1750)-Mosny,J (2035) Slovakia 1994 1/2-1/2 (55)}) (11. Ne4 c5 12. dxc5
Bb7 13. Nxf6+ Bxf6 $11) 11... c5 $15 12. dxc5 Nxc5 13. Be2 (13. Bc2 Bb7 $15)
13... Qb6 (13... Bb7 14. Qc2 $15) 14. b4 $15 Nce4 15. Qc2 (15. a4 bxa4 16. Nxa4
Qb8 $11) 15... Bb7 $15 16. Rac1 Rac8 17. Qb2 Nxd2 18. Nxd2 Nd5 (18... Nd7 19.
Nce4 $15) 19. Nxd5 $11 Bxd5 20. Bf3 Bf6 21. Qb1 Qb7 22. Bxd5 Qxd5 23. Ne4 Be7
24. Ng3 (24. Rfd1 Qa8 $11) 24... g6 25. Rc2 (25. Ne4 Rfd8 26. Rcd1 Qe5 $11)
25... Rxc2 26. Qxc2 Rd8 27. Rc1 (27. Ne4 Qd3 28. Qc7 Qxe4 29. Qxe7 Rc8 $15)
27... Kf8 (27... Qd3 $5 28. Qc3 h5 $17) 28. Qc3 Qa2 $4 (28... Kg8 $142 $11) 29.
Qh8# 1-0

[Event "Tornado"]
[Site "?"]
[Date "1976.01.24"]
[Round "2"]
[White "Harrison, C."]
[Black "Bailey, B."]
[Result "0-1"]
[WhiteElo "100"]
[BlackElo "2029"]
[Annotator "Stockfish 13 (15s)"]
[PlyCount "48"]
[EventDate "1976.??.??"]

{D45: Semi-Slav: 5 e3} 1. d4 d5 2. c4 e6 3. Nc3 Nf6 4. Nf3 c6 5. e3 Be7 6. Be2
O-O 7. O-O Nbd7 8. c5 (8. Bd3 dxc4 9. Bxc4 b5 10. Bd3 a6 11. Ne5 Bb7 12. h3 c5
13. Nxd7 Qxd7 14. Ne2 Rfd8 15. Bd2 cxd4 16. exd4 Qd5 17. f3 Rac8 18. Bc2 e5 19.
Ba5 Re8 20. Bb3 Qd6 21. Qd2 e4 22. fxe4 Bxe4 {
Comp Novag Turbo-Gilruth,P (2205) Chicago 1989 0-1 (47)}) 8... b6 $146 (8...
Qc7 9. h3 e5 10. b4 e4 11. Nd2 Ne8 12. Bb2 f5 13. f4 g5 14. a3 Ng7 15. Rf2 gxf4
16. Rxf4 Bg5 17. Rf1 Bxe3+ 18. Kh1 Nf6 19. Na2 Qg3 20. Nb3 f4 21. Qe1 Nfh5 22.
Bxh5 Nxh5 23. Qxg3+ {Kikinezhdi,M-Kilbas,A Illichevsk 2006 0-1 (33)}) (8... Ne8
9. b4 f5 10. b5 g5 11. bxc6 bxc6 12. Rb1 Ng7 13. Ba3 Bf6 14. Qc2 g4 15. Ne1 e5
16. Qa4 Qc7 17. Nd3 exd4 18. exd4 Ne6 19. Rbc1 Nxd4 20. Rfd1 a5 21. Ne1 Nxe2+
22. Nxe2 Ne5 23. Qf4 {Fabbri,M-Ramella Imperia 1969 0-1 (44)}) (8... e5 9. b4
Ne4 10. Nxe4 dxe4 11. Nxe5 Nxe5 12. dxe5 a5 13. Bb2 axb4 14. Bd4 Be6 15. Qb1
Qd5 16. Qxb4 Rxa2 17. Rxa2 Qxa2 18. Qxb7 Qxe2 19. Qxe7 Ra8 20. Qb7 Qa6 21. Qxa6
Rxa6 22. Rb1 Ra8 23. Rb6 {
Muniz Giron,C-Cabello Fernandez,E (2160) Candas 1999 1-0 (60)}) 9. b4 a5 10.
Ba3 $4 (10. b5 $142 Bb7 11. cxb6 Nxb6 12. Ne5 $11) 10... axb4 $19 11. Bxb4 bxc5
12. dxc5 Bxc5 13. a3 Ba6 (13... Be7 14. Bxe7 Qxe7 15. a4 $19) 14. Ne5 (14. Nd4
Bxe2 15. Ncxe2 Qb6 $19) 14... Bxe2 (14... Bxb4 $142 15. Nxc6 Bxc3 16. Nxd8 Bxa1
17. Nxf7 Bxe2 18. Qxe2 Rxa3 $19 (18... Kxf7 $143 19. Rxa1 Ra4 20. h3 $19) (
18... Rxf7 $6 19. Rxa1 Rff8 20. a4 $19)) 15. Qxe2 (15. Nxe2 Qc7 16. Nxd7 Nxd7
17. Bxc5 Nxc5 18. a4 $19) 15... Bxb4 16. Nxd7 (16. Nxc6 Qc8 17. Nxd5 Nxd5 18.
Nxb4 $19) 16... Bxc3 17. Rac1 (17. Nxf8 Bxa1 18. Rxa1 Qa5 $19) 17... Qxd7 18.
Rxc3 Ne4 19. Rb3 (19. Rcc1 Rxa3 20. Qc2 Rc8 $19) 19... Rfb8 (19... c5 20. Ra1
$19) 20. Rfb1 (20. Rxb8+ Rxb8 21. Qc2 h6 $19) 20... Qd6 (20... Rxb3 21. Rxb3 c5
22. Rb1 $19) 21. Qb2 (21. R3b2 Rf8 22. Qe1 Rxa3 $19) 21... Rxb3 22. Qxb3 h6 23.
Qb4 (23. Qc2 Rxa3 24. Rf1 c5 $19) 23... Rxa3 (23... c5 $5 24. Qb5 Rxa3 25. h4
$19) 24. f3 (24. Qb2 $19) 24... Qxb4 (24... Qxb4 25. fxe4 Qxb1+ 26. Kf2 Qc2+
27. Kg3 Rxe3+ 28. Kh4 Qxg2 29. h3 Rxh3#) 0-1

[Event "Tornado"]
[Site "?"]
[Date "1976.01.24"]
[Round "3"]
[White "Bailey, B."]
[Black "Thomas, M."]
[Result "1-0"]
[WhiteElo "2029"]
[BlackElo "1887"]
[Annotator "Stockfish 13 (15s)"]
[PlyCount "61"]
[EventDate "1976.??.??"]

{C71: Ruy Lopez: Deferred Steinitz Variation, sidelines} 1. e4 e5 2. Nf3 Nc6 3.
Bb5 a6 4. Ba4 d6 5. h3 g6 (5... Bd7 6. d4 b5 7. Bb3 Nxd4 8. Nxd4 exd4 9. Qxd4
c5 10. Qd3 c4 11. Bxc4 bxc4 12. Qxc4 Nf6 13. Nc3 Be7 14. O-O O-O 15. Be3 Be6
16. Qe2 Qc7 17. Rfd1 Qb7 18. Bd4 Rfe8 19. b3 d5 20. e5 {
Avgousti,P-Sarapu,O (2290) Thessaloniki 1984 0-1 (45)}) 6. d3 $146 (6. d4 Bg7
7. dxe5 dxe5 8. Bxc6+ bxc6 9. Qxd8+ Kxd8 10. O-O f6 11. Rd1+ Ke7 12. Nc3 Be6
13. Be3 Kf7 14. Bc5 Nh6 15. Rd2 Rhe8 16. Rad1 Kg8 17. b3 Ng4 18. hxg4 Bxg4 19.
Rd3 g5 20. Re1 Be6 {Gittens,S-Saleh,A Elista 1998 1-0 (43)}) (6. c3 Bg7 7. d4
b5 8. Bc2 Nge7 9. O-O O-O 10. Be3 h6 11. Re1 Bd7 12. Nbd2 Qe8 13. Nb3 Rd8 14.
d5 Nb8 15. Na5 f5 16. Nd2 f4 17. Ba7 g5 18. f3 h5 19. Bd3 g4 20. hxg4 hxg4 {
Rudyk,V-Kazak,M (2060) Kharkov 2000 0-1 (49)}) (6. d4 $5 Bd7 7. O-O $14) 6...
Bg7 $11 7. Nbd2 (7. c3 Nge7 $11) 7... Nge7 (7... b5 8. Bb3 $11) 8. Nf1 (8. c3
O-O $11) 8... f5 (8... b5 9. Bb3 $15) 9. c3 $11 h6 10. Nh4 (10. exf5 Nxf5 11.
Ng3 O-O $11) 10... O-O (10... Be6 11. Ne3 f4 12. Nd5 $15) 11. Bb3+ (11. exf5
gxf5 12. Ng3 f4 $11) 11... Kh7 12. Qe2 (12. exf5 Nxf5 13. Nxf5 gxf5 14. Ng3 $15
) 12... g5 (12... f4 13. Nf3 $15) 13. Nf3 (13. Nxf5 Nxf5 14. exf5 Bxf5 $16)
13... Ng6 (13... f4 $5 $15) 14. Ne3 (14. g3 fxe4 15. dxe4 Qf6 $14) 14... Nf4 (
14... f4 15. Nf5 Bxf5 16. exf5 Rxf5 17. h4 gxh4 18. Bd2 $11) 15. Qf1 (15. Qd1
d5 16. O-O $14 (16. exf5 $143 d4 17. cxd4 exd4 $19)) 15... Ne7 $11 16. Bd2 (16.
g3 $142 Ne6 17. Nxf5 Nxf5 18. exf5 Rxf5 19. Qe2 $11) 16... c5 $4 (16... d5 $142
17. Nxd5 Nfxd5 18. exd5 a5 $15 (18... Nxd5 $143 19. Qe2 $16)) 17. g3 $16 Nfg6
$2 (17... Ne6 $5 18. Nxf5 Nxf5 19. exf5 Rxf5 $16) 18. h4 $18 f4 (18... gxh4
$142 19. exf5 Nxf5 20. Nxf5 Bxf5 21. Nxh4 Nxh4 22. Rxh4 Qd7 $18) 19. Nc2 $4 (
19. Nxg5+ $142 Kh8 20. Ng2 $18) 19... gxh4 (19... d5 20. exd5 fxg3 21. Nxg5+
Kh8 $16) 20. gxh4 $16 d5 (20... Qe8 $5 $16) 21. exd5 Qd6 (21... a5 22. Na3 a4
23. Bc4 Nxd5 24. Qg2 $16) 22. Na3 (22. h5 $142 $5 Nh8 23. O-O-O $18) 22... b5
$16 23. Bc2 $4 (23. O-O-O $142 Nxd5 24. Qg2 $16) 23... Bg4 (23... Qxd5 24. Ng5+
hxg5 25. Bb3 $19) 24. Qg2 (24. Bd1 Bf5 25. h5 $11) 24... Bf5 $4 (24... Bh5 $142
25. O-O-O Kh8 $19) 25. h5 $16 Nh8 26. Nh4 Bf6 $4 (26... Nf7 $142 $14) 27. Nxf5
$18 Nxf5 28. d4 (28. O-O-O $5 Bg5 29. d4 Kg8 30. dxe5 Qxe5 $18) 28... Bg5 29.
dxc5 (29. O-O-O $142 $5 exd4 30. cxd4 cxd4 $18) 29... Qxc5 30. O-O-O Nf7 (30...
Kg7 31. b4 Qb6 $18) 31. Bxf5+ (31. Bxf5+ Kh8 32. Kb1 $18) 1-0

[Event "Tornado"]
[Site "?"]
[Date "1976.01.24"]
[Round "4"]
[White "Bailey, B."]
[Black "Rowan, T."]
[Result "1/2-1/2"]
[WhiteElo "2029"]
[BlackElo "2090"]
[Annotator "Stockfish 13 (15s)"]
[PlyCount "91"]
[EventDate "1976.??.??"]

{B85: Sicilian Scheveningen: 6 Be2 a6, lines with early Be3} 1. e4 c5 2. Nf3 e6
3. d4 cxd4 4. Nxd4 a6 5. a3 Nf6 6. Nc3 Qc7 7. Be3 Nc6 8. Be2 Be7 9. O-O O-O 10.
Nb3 b5 11. f4 d6 12. Bf3 Bb7 13. Qe2 Rab8 (13... Rac8 14. Qf2 Rfe8 15. Rfd1 Ba8
16. Rd2 Qb8 17. g4 b4 18. axb4 Nxb4 19. Ba7 Qb7 20. Na5 Qc7 21. Bb6 Qb8 22. Ba7
Qc7 23. Bb6 Qb8 24. Ba7 {
1/2-1/2 (24) Hort,V (2595)-Ribli,Z (2610) Amsterdam 1980}) 14. Rad1 Rfd8 15.
Rd2 $146 (15. Kh1 Na5 16. Nxa5 Qxa5 17. e5 Ne8 18. f5 dxe5 19. fxe6 fxe6 20.
Bxb7 Rxd1 21. Qxd1 Rxb7 22. Qf3 Nd6 23. Bc5 Qc7 24. Ne4 Rb8 25. Qg4 Nf5 26. b4
Rf8 27. Rd1 Rd8 28. Qe2 Rd5 29. g4 Nd4 {
Lisek,J (2315)-Brameyer,H (2270) Germany 2001 1/2-1/2 (42)}) 15... Nd7 (15...
Ba8 16. Kh1 $11) 16. Nd1 (16. Qf2 $5 $11) 16... Nb6 $15 17. Bxb6 Qxb6+ 18. Kh1
(18. Qf2 $5 Qxf2+ 19. Kxf2 $15 (19. Rfxf2 $143 a5 $17)) 18... a5 $17 19. Ne3 $2
(19. Qe3 $142 Qc7 20. Nc3 $17) 19... a4 $19 20. Nc1 Nd4 (20... b4 21. axb4 Ba6
22. Nd3 Nxb4 23. Ra1 $19) 21. Qf2 Nxf3 22. gxf3 d5 (22... Ba6 $5 23. Nd3 b4 24.
axb4 Bxd3 25. Rxd3 Qxb4 26. b3 $19) 23. Nxd5 $17 Bxd5 24. Qxb6 Rxb6 25. exd5
exd5 (25... Rbd6 $142 $5 $17) 26. Rfd1 (26. c3 d4 27. Rfd1 Rbd6 28. Rxd4 Rxd4
29. Rxd4 Rxd4 30. cxd4 Kf8 $11) 26... Rbd6 (26... b4 27. axb4 Rxb4 28. Nd3 $11)
27. c3 R8d7 28. Ne2 Bf6 29. Kg2 Kf8 30. Nd4 Bxd4 31. Rxd4 Ke7 32. R1d2 Kd8 33.
Re2 Kc7 34. f5 Rf6 35. Re5 {Attacks the isolani on d5} Kc6 36. Kg3 g6 37. fxg6
fxg6 38. Kg4 Rdd6 39. f4 Rfe6 40. h4 Rxe5 41. fxe5 Rd7 42. Kg5 Rf7 43. Kh6 Re7
44. Rb4 Kc5 45. Rd4 Kc6 46. Rb4 1/2-1/2

[Event "Second Match"]
[Site "?"]
[Date "1976.02.01"]
[Round "1"]
[White "Gray, M."]
[Black "Bailey, B."]
[Result "0-1"]
[WhiteElo "1825"]
[BlackElo "2029"]
[Annotator "Stockfish 12 (20s)"]
[PlyCount "18"]
[EventDate "1976.??.??"]

{C27: Vienna Game: 2...Nf6 3 Bc4 Nxe4} 1. e4 Nf6 2. Nc3 e5 3. Bc4 Nxe4 4. Nxe4
d5 5. Qh5 (5. Bb5+ c6 6. Bd3 dxe4 7. Bxe4 Bc5 8. d3 Qb6 9. Qh5 Bxf2+ 10. Kf1
Be6 11. Nf3 Nd7 12. a4 O-O-O 13. Bd2 g6 14. Qh6 f5 15. Bxc6 bxc6 16. a5 Qc5 17.
b4 Qxc2 18. Kxf2 Nf6 19. Qg7 Ne4+ {
Pedersen,T (2255)-Brautsch,S (2230) Denmark 1991 0-1}) 5... dxc4 6. Qxe5+ Qe7
7. Qb5+ $4 $146 (7. Qxe7+ Bxe7 8. b3 (8. Ne2 Nc6 9. a3 O-O 10. O-O Bf5 11. d3
cxd3 12. cxd3 Rfd8 13. N2g3 Bg6 14. Bf4 Rac8 15. Rfd1 Nd4 16. Rac1 c5 17. Be3
f5 18. Nc3 Nb3 19. Rc2 f4 20. Bxf4 Bxd3 21. Rxd3 Rxd3 22. Re2 Bf6 {
Orlov,S-Zudov,O (2235) Moscow 1997 0-1 (39)}) 8... f5 9. Nc3 cxb3 10. axb3 Kf7
11. Nf3 Bf6 12. Bb2 Re8+ 13. Kd1 Bd7 14. Re1 Bc6 15. Rxe8 Bxf3+ 16. gxf3 Kxe8
17. Ra5 Bxc3 18. Bxc3 g6 19. Re5+ Kf7 20. Rd5 Ke8 21. Be5 c6 {
Padilla-Tejero Garces,J (2295) Cordoba 1991 1/2-1/2}) (7. Qxe7+ $142 Bxe7 8. b3
$17) 7... Nc6 $19 8. Qxc4 (8. d3 cxd3 9. cxd3 f5 $19) 8... f5 9. d3 (9. Ne2
Qxe4 10. d3 Qxc4 11. dxc4 Be6 $19) 9... fxe4 (9... fxe4 10. Ne2 exd3 11. Qxd3
Nb4 $19) 0-1

[Event "Second Match"]
[Site "?"]
[Date "1976.02.01"]
[Round "2"]
[White "Bailey, B."]
[Black "Gray, M."]
[Result "0-1"]
[WhiteElo "2029"]
[BlackElo "1825"]
[Annotator "Stockfish 12 (15s)"]
[PlyCount "64"]
[EventDate "1976.??.??"]

{C88: Closed Ruy Lopez: Anti-Marshall Systems} 1. e4 e5 2. Nf3 Nc6 3. Bb5 a6 4.
Ba4 Nf6 5. O-O Be7 6. Re1 b5 7. Bb3 O-O 8. a4 b4 9. d4 d6 10. a5 (10. d5 Na5
11. Ba2 Rb8 12. Nbd2 c6 13. dxc6 Be6 14. Bxe6 fxe6 15. Qe2 Qb6 16. Nc4 Nxc4 17.
Qxc4 d5 18. exd5 exd5 19. Qb3 e4 20. Ne5 Bc5 21. Be3 Bxe3 22. Rxe3 Qd4 23. c7
Rb6 24. f4 exf3 {Aronian,L (2562)-Minasian,A (2480) Yerevan 2001 1/2-1/2 (33)})
10... Bg4 11. d5 (11. Be3 exd4 12. Bxd4 Bxf3 13. gxf3 Nxd4 14. Qxd4 Nd7 15.
Qxb4 Ne5 16. Qc3 Bg5 17. Bc4 Bf4 18. Bf1 Qg5+ 19. Bg2 Ng6 20. Kh1 Qh4 21. h3
Qxf2 22. Qd3 Qxe1+ {0-1 (22) Camacho Collados,M-Ochoa,K Oropesa del Mar 2001})
11... Nd4 12. Nbd2 Nxb3 $146 (12... Qc8 13. Ba4 Nd7 14. h3 Bh5 15. g4 Nxf3+ 16.
Qxf3 Bg6 17. Nb3 Nb8 18. Qd3 h5 19. f3 c6 20. Be3 cxd5 21. Qxd5 Nd7 22. Qc6 Nc5
23. Nxc5 dxc5 24. Red1 Qxc6 25. Bxc6 Rac8 26. Bb7 Rc7 27. Bxa6 {
Persson,M (2025)-Johansson,N Hallstahammar 1999 1-0 (36)}) 13. Nxb3 (13. cxb3
Nd7 14. h3 Bh5 $15) 13... Bd7 (13... c6 14. dxc6 Qc7 15. h3 $15) 14. c4 (14.
Nbd2 Rb8 $11) 14... bxc3 $15 15. bxc3 Bb5 (15... Re8 16. h3 $15) 16. Qc2 (16.
Nbd2 Bd7 $11) 16... Nh5 17. h3 (17. c4 Bd7 18. Qd1 $11) 17... g5 (17... Qe8 18.
c4 Bd7 19. g4 $17) 18. g4 (18. Nh2 Bd7 19. Ng4 Nf6 20. Nxf6+ Bxf6 $14) 18...
Nf4 $11 19. Bxf4 gxf4 20. Nh2 (20. c4 $142 $5 Bd7 21. Kh2 $11) 20... Kh8 21. f3
$2 (21. c4 Bd7 22. c5 $15) 21... Qd7 $4 (21... Bh4 $142 22. Rec1 h5 $19) 22.
Nc1 $4 (22. c4 $142 Ba4 23. Nc5 dxc5 24. Rxa4 $15) 22... Bc4 (22... c6 23. c4
Qa7+ 24. Kh1 $19) 23. Ra4 $6 (23. Na2 Qb5 24. Qf2 Qxa5 $19) 23... Qb5 24. Rb4 (
24. Kh1 Bh4 25. Rg1 Rfb8 $19) 24... Qc5+ 25. Kg2 (25. Kh1 Bh4 26. Rg1 $19)
25... Bh4 26. Rd1 Rab8 27. Nb3 (27. Nd3 Bxd3 28. Qxd3 Qxa5 29. Kh1 $19) 27...
Bxb3 28. Qxb3 Qf2+ 29. Kh1 Bg3 $3 30. Nf1 (30. -- $140 Qxh2# {Mate threat})
30... Qxf3+ 31. Kg1 Bf2+ 32. Kh2 Rxb4 (32... Rxb4 33. Qc2 Rxe4 34. Rd2 Bg3+ 35.
Kg1 Re1 36. Rf2 Bxf2+ 37. Qxf2 Qd1 38. g5 Rb8 39. g6 Rg8 40. Kh2 Re2 41. Ne3
Rxf2+ 42. Ng2 Rxg6 43. h4 Rgxg2+ 44. Kh3 Rh2#) 0-1